| 000 | 00838nac a22002657a 4500 | ||
|---|---|---|---|
| 001 | BR7500374 | ||
| 003 | BR-BrBNA | ||
| 005 | 20240105113831.0 | ||
| 008 | 230509b bl.|||m| |||| 00| 0 por d | ||
| 040 |
_aBR-BrBNA _bpor _cBiblioteca Nacional de Agricultura |
||
| 072 | _aH10 | ||
| 090 | _a1110 BR7500374 | ||
| 100 | 1 | _aSampaio, A.S. | |
| 110 | 1 |
_aBayer do Brasil Industrias Quimicas S.A., Sao Paulo, SP (Brasil) _91241 |
|
| 245 | 1 | _aO abacate e suas pragas [Persea americana, lagarta, cochonilha, broca] | |
| 260 | 3 |
_aSao Paulo, SP (Brasil): _c1975. |
|
| 300 | _a3 p. | ||
| 490 |
_aBoletim Agropecuario - Bayer do Brasil S.A. (Brazil) _vno. 191 _x |
||
| 650 | _aLAGARTA | ||
| 650 | _aCOCHONILHA | ||
| 650 | _aBROCA | ||
| 650 | _aCONTROLE QUIMICO | ||
| 909 |
_a202312 _bLúcia Elande _c55 _dLúcia Elande |
||
| 942 |
_2AGRIS _n0 _cMS |
||
| 999 |
_c265847 _d265847 |
||